| 000 | 01124nam a2200253 a 4500 | ||
|---|---|---|---|
| 001 | 000043277 | ||
| 005 | 20250909091242.0 | ||
| 008 | 140303s2010 sp 000 0 spa d | ||
| 020 | _a9788483471340 | ||
| 040 |
_aDO-SdBNP _bspia _cBNPHU |
||
| 245 | 0 | 0 |
_aLa integración regional / _cedición a cargo de Ángel María Casas Gragea y José Briceño Ruiz. |
| 260 |
_aMadrid : _bAgencia Española de Cooperación Internacional, _c2010. |
||
| 300 |
_a226 p. ; _c24 cm. |
||
| 490 | 1 |
_aAntología del pensamiento político, social y económico de América latina ; _v27 |
|
| 490 | 1 | _aCiencias y humanismo | |
| 504 | _aIncluye referencias bibliográficas y notas al pie de las páginas | ||
| 504 | _aBibliografía : p. 211-226 | ||
| 500 | _aIncluye datos biográficos del autor en al solapa de la cubierta | ||
| 700 | 1 |
_aCasas Gragea, Ángel María, _eed. _970872 |
|
| 700 | 1 |
_aBriceño Ruiz, José _eed. _952341 |
|
| 710 | 2 |
_aAgencia Española de Cooperación Internacional _934585 |
|
| 830 | 0 |
_aAntología del pensamiento político, social y económico de América latina _v27 _970870 |
|
| 830 | 0 |
_aCiencias y humanismo _970218 |
|
| 999 |
_c42766 _d42766 |
||